000 01012nam a22002537a 4500
005 20091111111733.0
008 091111t xxu||||| |||| 00| j hin d
010 _aHIN-92493
020 _c250.00
_a9788187988427
035 _aHN-64839
037 _bDBAD / PUB
040 _aDPL
_bHN
082 _a305
100 _aमाथुर, प्रियंका
_927478
245 _aमहिला सशक्तिकरण /
_cप्रियंका माथुर
246 _aMahilaa sasaktikarana
_bby Priyanka Mathur
260 _aजयपुर
_bज्योति प्रकाशन
_c2010
270 _a187, बरकत नगर, टोंक फाटक
_bजयपुर
_e302015
300 _a136पृ
_c22सेमी (सजिल्द)
650 _91169
650 _91170
942 _2ddc
_cHN
_h305
_mमाथुर
999 _c51912
_d51912